Offspring- Smash Tracklist - Statistics

General Stats
  • This quiz has been taken 20 times
  • The average score is 11 of 14
Answer Stats
Hint Answer % Correct
Track 8 Self Esteem
100%
Track 3 Bad Habit
85%
Track 7 Come Out and Play
85%
Track 5 Genocide
85%
Track 4 Gotta Get Away
85%
Track 14 Smash
85%
Track 10 Killboy Powerhead
77%
Track 2 Nitro (Youth Energy)
77%
Track 1 Time to Relax
77%
Track 11 What Happened to You?
69%
Track 9 It'll Be a Long Time
62%
Track 13 Not the One
62%
Track 12 So Alone
62%
Track 6 Something to Believe In
62%
No matching quizzes found
Score Distribution
Percent of People with Each Score
Percentile by Number Answered
Your Score History
You have not taken this quiz